| 000 | 00000nam##2200000za#4500 |
| 001 | 9.614716 |
| 003 | CaOODSP |
| 005 | 20200327182415 |
| 007 | ta |
| 008 | 150406|1998||||xxc||||| f|0| 0 eng|d |
| 020 | |a0-662-27551-9 |
| 040 | |aCaOODSP|beng |
| 043 | |an-cn--- |
| 086 | 1 |aMP32-28/98-16E |
| 110 | 1 |aCanada.|bHuman Resources Development Canada. |bApplied Research Branch. |
| 245 | 10|aDo places matter? : |ba multilevel analysis of geographic variations in child behaviour in Canada / |cby Michael H. Boyle and Ellen L. Lipman. |
| 260 | |aOttawa - Ontario : |bHuman Resources Development Canada. |c1998. |
| 300 | |aiv, 35p. : |breferences, tables ; |c28 cm. |
| 490 | 1 |aWorking paper|vW-98-16E |
| 500 | |a"This paper compares the influence of neighbourhood factors (as defined by the enumeration area) to family socioeconomic factors on child problem behaviour such as emotional problems, hyperactivity, and conduct problems."--Executive summary. |
| 520 | 3 |aThis paper compares the influence of neighbourhood factors (as defined by the enumeration area) to family socioeconomic factors on child problem behaviour such as emotional problems, hyperactivity, and conduct problems.--Executive summary |
| 563 | |aSoftcover |
| 590 | |a99-07|b1999-02-19 |
| 690 | 07|aChildren|2gcpds |
| 690 | 07|aBehaviour|2gcpds |
| 690 | 07|aSocial policy|2gcpds |
| 720 | 1 |aLipman, Ellen L. |
| 720 | 1 |aBoyle, Michael H. |
| 775 | 08|tLe lieu a-t-il de l'importance? : |w(CaOODSP)9.625153 |
| 830 | #0|aWorking paper ;|vW-98-16E|w(CaOODSP)9.514795 |
| 986 | |aW-98-16E |